Quiz sulla Forma di ogni Regione Italiana - Statistics

Statistiche generali
  • Questo quiz è stato fatto 9.287 volte
  • Il punteggio medio è 17 su 20
Statistiche sulle risposte
con Immagini Risposta % Corretto
Puglia
98%
Calabria
97%
Liguria
96%
Sardegna
95%
Sicilia
95%
Emilia-Romagna
91%
Lombardia
91%
Lazio
90%
Toscana
88%
Campania
85%
Marche
85%
Veneto
85%
Abruzzo
83%
Valle d'Aosta
83%
Piemonte
82%
Friuli-Venezia Giulia
80%
Basilicata
77%
Molise
76%
Umbria
74%
Trentino-Alto Adige
72%
Nessun quiz corrispondente trovato
Distribuzione punteggi
Percentuale di utenti per punteggio
Percentile per numero di risposta
I tuoi punteggi nel tempo
Non hai fatto questo quiz